• 首页
  • 本馆介绍
  • 公告通知
  • 最新文献
  • 馆藏检索
  • 电子资源
  • 读者导购
  • 参考咨询
  • 我的图书馆
  • 登录
  • 详细信息显示
  • 放入我的书架
  • 预约/预借图书
  • 作者相关作品
  • 分类相关作品
  • 丛书相关作品
  • 出版社相关作品

书目信息

  • 表格格式
  • 工作单格式
  • 卡片格式
题名:
组织行为学
    
 
作者: 胡宇辰 编著
分册:  
出版信息: 北京   经济管理出版社  2002
页数: 419页
开本: 24cm
丛书名: 现代工商管理丛书
单 册:
中图分类: C936
科图分类:
主题词: 管理组织学 , 组织行为学
电子资源:
ISBN: 7-80162-409-2
000 00720nam0 2200253 45
001 0310262041
005 20031219104120.9
010    @a7-80162-409-2@dCNY38.00
100    @a20031026d2002 km y0chiy0120 ea
101 0  @achi
105    @a z 000yy
200 1  @a组织行为学@AZu Zhi Xing Wei Xue@f胡宇辰编著@FHu Yu Chen Bian Zhu
205    @a3版
210    @a北京@c经济管理出版社@d2002
215    @a419页@d24cm
225    @a现代工商管理丛书@f吴照云主编
410    @12001 @a现代工商管理丛书
410    @1700 0@a吴照云@AWu Zhao Yun@4主编
606 0  @a管理组织学
606 0  @a组织行为学
690    @aC936@v3
701    @a胡宇辰@4编著
801    @aCN@bTSTC@c20031026
905    @a213230@b327585-587@dC936@e127=3@f3
    
    组织行为学/胡宇辰编著.-3版.-北京:经济管理出版社,2002
    419页;24cm.-(现代工商管理丛书/吴照云主编)
    
    
    ISBN 7-80162-409-2:CNY38.00
    
●
相关链接 在E读中查询图书 在五车中查询图书 在当当中查询图书 在豆瓣中查询图书


正题名:组织行为学     索取号:C936/127=3         预约/预借

序号 登录号 条形码 馆藏地/架位号 状态 备注
1 0327585   203275856   第一借阅区/ [索取号:C936/127=3] 在馆    
2 0327586   203275865   第一借阅区/ [索取号:C936/127=3] 在馆    
3 0327587   203275874   第一样本阅览室/ [索取号:C936/127=3] 在馆    
4 0328466   203284668   第一借阅区/ [索取号:C936/127=3] 在馆    
5 0328467   203284677   第一借阅区/ [索取号:C936/127=3] 在馆    
唐山师范学院图书馆 欢迎您!
大连网信软件有限公司© 版权所有